NBA Fun Facts - True or False - Statistics

General Stats
  • This quiz has been taken 75 times
  • The average score is 11 of 20
Answer Stats
Question Answer % Correct
Muggsy Boughes was the only NBA player below 5'9 False
82%
Longtime rivals Steph Curry and Lebron James were both born in Akron, Ohio True
80%
No player-coach has ever won the championship False
72%
No NBA team has ever been located in New Jersey False
72%
Shawn Kemp has 7 children with 8 women True
68%
Pat Riley never played in the NBA False
65%
All Star point guard Kevin Johnson served as mayor of Sacramento True
65%
The 76ers were once called the Lousiville Corporals False
63%
George Mikan is the only player to act as commissioner of the NBA, NBL, BAA or ABA True
63%
NBA Champion and All Star Richard Hamilton is actually Egyptian False
58%
Hall of Famer Rick Barry wore a wig during his NBA career True
57%
Dave Cowens acted as the final player-coach in the 1981 NBA season True
55%
Derrick Rose is the only player to be drafted 1st Overall to the city he was born in False
49%
Reggie Miller briefly played as the bassist for Green Day False
48%
David Robinson is the only NBA player from a military college False
45%
No trade has ever involved more than 7 teams False
42%
Bob Pettit is the oldest Hall of Famer still alive False
38%
Vince Carter was drafted by the Golden State Warriors True
35%
Hakeem Olajuwon was the first international player to be selected 1st overall False
29%
Wes Unseld is the only person to win MVP, Coach of the Year and Executive of the Year False
28%
No matching quizzes found
Score Distribution
Percent of People with Each Score
Percentile by Number Answered
Your Score History
You have not taken this quiz